| 000 | 02285nam a22003137a 4500 | ||
|---|---|---|---|
| 005 | 20240814174150.0 | ||
| 008 | s2546 th thaeng | ||
| 040 | _aNALT | ||
| 041 | _athaeng | ||
| 100 | 0 | _aฝ่ายวิชาการสูตรไพศาล | |
| 245 | 1 | 0 | _aกฎหมายปฏิรูปส่วนราชการไม่สังกัดสำนักนายกรัฐมนตรี กระทรวง |
| 260 | 3 |
_aกรุงเทพฯ : _bสูตรไพศาล, _c2546 |
|
| 300 |
_a153 หน้า : _b แผนที่, ตาราง ; _c 26 ซม. |
||
| 650 | 0 | 4 | _aสำนักงานพระพุทธศาสนาแห่งชาติ -- การจัดส่วนราชการ |
| 650 | 0 | 4 | _aส่วนราชการไม่สังกัดสำนักนายกรัฐมนตรี -- การจัดส่วนราชการ |
| 650 | 0 | 4 | _aสำนักงานป้องกันและปราบปรามการฟอกเงิน -- การจัดส่วนราชการ |
| 650 | 0 | 4 | _aสำนักงานตำรวจแห่งชาติ -- การจัดส่วนราชการ |
| 650 | 0 | 4 | _aสำนักราชเลขาธิการ -- การจัดส่วนราชการ |
| 650 | 0 | 4 | _aสำนักพระราชวัง -- การจัดส่วนราชการ |
| 650 | 0 | 4 | _aการจัดส่วนราชการ -- กฎหมายและระเบียบข้อบังคับ |
| 650 | 0 | 4 | _aสำนักงานอัยการสูงสุด -- การจัดส่วนราชการ |
| 650 | 0 | 4 | _aราชบัณฑิตยสถาน -- การจัดส่วนราชการ |
| 650 | 0 | 4 | _aสำนักงานคณะกรรมการวิจัยแห่งชาติ -- การจัดส่วนราชการ |
| 650 | 0 | 4 | _aปรับปรุงกระทรวง ทบวง กรม (พ.ร.บ.) -- 2545 |
| 850 | _aNALT | ||
| 942 |
_cLB _2lcc |
||
| 999 |
_c19366 _d19366 |
||
| 998 |
_j25 _k นีลวัสน์ อินทรักษา |
||
| 090 | _aKE81 ฝ211ก 2546 | ||